Linejnyje neodnorodnyje raznostnyje uravnenija

Gespeichert in:
Bibliographische Detailangaben
Format: Buch
Sprache:Russisch
Veröffentlicht: Moskva Nauka 1986
Tags: Tag hinzufügen
Keine Tags, Fügen Sie das erste Tag hinzu!

MARC

LEADER 00000nam a2200000 4500
001 c104292
005 20260108132105.9
041 0 |a rus 
044 |a RU 
245 1 0 |a Linejnyje neodnorodnyje raznostnyje uravnenija  |c Anatolij Aleksejevič Miroljubov, Michail Aleksandrovič Soldatov 
264 1 |a Moskva  |b Nauka  |c 1986 
300 |a 126 s.